[Event "Tabor op"]
[Site "Tabor"]
[Date "2012.07.30"]
[Round "2"]
[White "Matejka, Radek"]
[Black "Trepka, Jan"]
[Result "1-0"]
[WhiteElo "1992"]
[BlackElo "2221"]
[PlyCount "99"]
[EventDate "2012.07.29"]
[EventType "swiss"]
[EventRounds "9"]
[EventCountry "CZE"]
[SourceTitle "EXT 2013"]
[Source "ChessBase"]
[SourceDate "2012.11.22"]
[SourceVersion "1"]
[SourceVersionDate "2012.11.22"]
[SourceQuality "1"]

1. d4 Nf6 2. c4 e6 3. Nf3 b6 4. Nc3 Bb7 5. Bg5 Be7 6. e3 0-0 7. Be2 d5 8. 0-0 Nbd7 9. Qc2 h6 10. Bf4 Rc8 11. cxd5 Nxd5 12. Nxd5 exd5 13. Qa4 a6 14. b4 b5 15. Qb3 Nb6 16. Ne5 Nc4 17. Rfd1 g5 18. Bg3 f5 19. Ng6 Rf6 20. Bh5 Qe8 21. Nf4 Qf8 22. Nd3 Bd6 23. Nc5 Bxc5 24. bxc5 Bc6 25. Rac1 Be8 26. Bf3 c6 27. a4 Bd7 28. axb5 axb5 29. Ra1 Ra8 30. Qc3 Re6 31. Bh5 Rxa1 32. Rxa1 Qe7 33. Ra8+ Kg7 34. h3 Qf6 35. Bc7 Kh7 36. Ra7 Kg8 37. Be5 Nxe5 38. dxe5 Qd8 39. Qa1 Be8 40. Ra8 Qd7 41. Qa5 Kf8 42. Qb6 Re7 43. Rd8 Qe6 44. f4 gxf4 45. exf4 Kg7 46. Bxe8 Rxe8 47. Rd6 Qf7 48. Qxc6 Re7 49. Qxb5 Rb7 50. Qd3 1-0

[Event "CZE-chT2A 1112"]
[Site "Czech Republic"]
[Date "2012.03.04"]
[Round "9.2"]
[White "Trepka, Jan"]
[Black "Bauma, Jiri"]
[Result "1-0"]
[WhiteElo "2202"]
[BlackElo "2215"]
[PlyCount "71"]
[EventDate "2011.10.09"]
[EventType "team-tourn"]
[EventRounds "11"]
[EventCountry "CZE"]
[SourceTitle "EXT 2013"]
[Source "ChessBase"]
[SourceDate "2012.11.22"]
[SourceVersion "1"]
[SourceVersionDate "2012.11.22"]
[SourceQuality "1"]
[WhiteTeam "Tabor Sokol"]
[BlackTeam "Praha Dukla"]
[WhiteTeamCountry "CZE"]
[BlackTeamCountry "CZE"]

1. d4 f5 2. e4 fxe4 3. Nc3 b6 4. Qh5+ g6 5. Qe5 Nf6 6. Nd5 Bg7 7. Nxc7+ Kf7 8. Nxa8 d6 9. Bc4+ e6 10. Qf4 Bb7 11. Nh3 h6 12. Nxb6 Qxb6 13. c3 Nbd7 14. 0-0 g5 15. Qg3 Nf8 16. Be3 d5 17. Be2 Ng6 18. f4 exf3 19. Bxf3 Nh4 20. Bg4 Ba6 21. Bxg5 Bxf1 22. Bxf6 Bxf6 23. Rxf1 Nf5 24. Bxf5 exf5 25. Qf3 Rf8 26. Qxd5+ Qe6 27. Qxf5 Qxf5 28. Rxf5 Rb8 29. Rf2 Ke7 30. Nf4 Kd6 31. Kf1 a5 32. Ke1 a4 33. a3 Kc6 34. Kd1 Kb5 35. Kc2 Kc4 36. Nd3 1-0

[Event "CZE-chT2A 1112"]
[Site "Czech Republic"]
[Date "2012.01.08"]
[Round "5"]
[White "Taborsky, Rostislav"]
[Black "Trepka, Jan"]
[Result "0-1"]
[WhiteElo "2262"]
[BlackElo "2202"]
[PlyCount "84"]
[EventDate "2011.10.09"]
[EventType "team-tourn"]
[EventRounds "11"]
[EventCountry "CZE"]
[SourceTitle "EXT 2013"]
[Source "ChessBase"]
[SourceDate "2012.11.22"]
[SourceVersion "1"]
[SourceVersionDate "2012.11.22"]
[SourceQuality "1"]
[WhiteTeam "Zizkov"]
[BlackTeam "Tabor Sokol"]
[WhiteTeamCountry "CZE"]
[BlackTeamCountry "CZE"]

1. d4 Nf6 2. c4 e6 3. g3 Be7 4. Bg2 d5 5. Nf3 0-0 6. 0-0 b6 7. Nc3 Bb7 8. cxd5 Nxd5 9. Nxd5 Bxd5 10. Qc2 Na6 11. e4 Nb4 12. Qb1 Bb7 13. a3 Na6 14. Rd1 c5 15. d5 f5 16. d6 fxe4 17. Ne5 Bxd6 18. Bxe4 Bxe4 19. Qxe4 Qf6 20. Nd7 Qxf2+ 21. Kh1 Rfe8 22. Be3 Qf5 23. Qg2 Be7 24. Rd2 Rad8 25. Rf1 Qg6 26. Bf4 Bf6 27. Rfd1 e5 28. Qd5+ Kh8 29. Bxe5 Rxd7 30. Qxd7 Qe4+ 31. Kg1 Qe3+ 32. Kf1 Qxe5 33. Qg4 h5 34. Qf3 Nc7 35. Rd7 Nb5 36. R7d5 Qe6 37. Qxh5+ Kg8 38. b4 Nc3 39. Rd6 Qe4 40. Rxf6 gxf6 41. Rd7 Qe1+ 42. Kg2 Re2+ 0-1

[Event "CZE-chT2A 1112"]
[Site "Czech Republic"]
[Date "2011.10.09"]
[Round "1"]
[White "Trepka, Jan"]
[Black "Vokac, Marek"]
[Result "0-1"]
[WhiteElo "2202"]
[BlackElo "2471"]
[PlyCount "86"]
[EventDate "2011.10.09"]
[EventType "team-tourn"]
[EventRounds "11"]
[EventCountry "CZE"]
[SourceTitle "EXT 2013"]
[Source "ChessBase"]
[SourceDate "2012.11.22"]
[SourceVersion "1"]
[SourceVersionDate "2012.11.22"]
[SourceQuality "1"]
[WhiteTeam "Tabor Sokol"]
[BlackTeam "Ceske Budejovice"]
[WhiteTeamCountry "CZE"]
[BlackTeamCountry "CZE"]

1. d4 g6 2. c4 Bg7 3. Nc3 c5 4. e3 Nf6 5. Nf3 0-0 6. Be2 cxd4 7. exd4 d5 8. 0-0 Nc6 9. c5 Bg4 10. h3 Bxf3 11. Bxf3 b6 12. Bg5 bxc5 13. Bxf6 Bxf6 14. Bxd5 cxd4 15. Bxc6 Rc8 16. Ba4 dxc3 17. Qxd8 Rfxd8 18. bxc3 Rxc3 19. Rad1 Rd4 20. Rxd4 Bxd4 21. Rd1 e5 22. Kf1 Kg7 23. Rb1 Bb6 24. Rd1 Rc4 25. Bb3 Rf4 26. f3 e4 27. Ke2 exf3+ 28. gxf3 f5 29. Rd7+ Kh8 30. Rd1 Rh4 31. Rh1 Kg7 32. Kf1 Rd4 33. Rh2 Rd3 34. Re2 Rxf3+ 35. Kg2 Rd3 36. Re7+ Kh6 37. Bg8 Kg5 38. Rxh7 Kf4 39. Rh4+ Ke3 40. Rc4 Rd2+ 41. Kf1 Rf2+ 42. Ke1 Ba5+ 43. Kd1 Kd3 0-1

[Event "CZE-chT2A 1011"]
[Site "Czech Republic"]
[Date "2011.02.06"]
[Round "7"]
[White "Trepka, Jan"]
[Black "Pokrupa, Marek"]
[Result "1-0"]
[WhiteElo "2159"]
[BlackElo "2199"]
[PlyCount "99"]
[EventDate "2010.10.17"]
[EventType "team-tourn"]
[EventRounds "11"]
[EventCountry "CZE"]
[SourceTitle "EXT 2012"]
[Source "ChessBase"]
[SourceDate "2011.11.24"]
[SourceVersion "1"]
[SourceVersionDate "2011.11.24"]
[SourceQuality "1"]
[WhiteTeam "Tabor II"]
[BlackTeam "Line"]
[WhiteTeamCountry "CZE"]
[BlackTeamCountry "CZE"]

1. d4 Nf6 2. c4 g6 3. Nc3 d5 4. Bf4 Bg7 5. Nf3 c5 6. e3 0-0 7. Rc1 Qa5 8. Nd2 cxd4 9. Nb3 Qb4 10. a3 Qb6 11. c5 Qd8 12. exd4 Nc6 13. Be2 Be6 14. 0-0 Ne4 15. Bb5 Nxc3 16. Rxc3 a5 17. Bxc6 bxc6 18. Nc1 a4 19. Be3 Qb8 20. Nd3 Bf5 21. Nb4 Rc8 22. Re1 e5 23. Qd2 f6 24. h3 Qc7 25. g4 Bd7 26. Kg2 Re8 27. Rcc1 f5 28. dxe5 fxg4 29. hxg4 Qxe5 30. Nd3 Qe6 31. f3 Qf7 32. Bh6 Rf8 33. Rf1 Rae8 34. Bxg7 Qxg7 35. Rce1 Qf6 36. Rxe8 Rxe8 37. Re1 Rf8 38. Ne5 Be8 39. Qd4 Qf4 40. Qxf4 Rxf4 41. Nd3 Rd4 42. Rxe8+ Kf7 43. Re3 Kf6 44. Kg3 h5 45. gxh5 gxh5 46. f4 Kf5 47. Kh4 Rxd3 48. Rxd3 Kxf4 49. Rd4+ Ke3 50. Rxa4 1-0

[Event "Prague op-B 10th"]
[Site "Prague"]
[Date "2011.01.13"]
[Round "8"]
[White "Vorobyov, Yurij"]
[Black "Trepka, Jan"]
[Result "1-0"]
[WhiteElo "2203"]
[BlackElo "2159"]
[PlyCount "33"]
[EventDate "2011.01.07"]
[EventType "swiss"]
[EventRounds "9"]
[EventCountry "CZE"]
[SourceTitle "CBM 140 Extra"]
[Source "ChessBase"]
[SourceDate "2011.03.01"]
[SourceVersion "1"]
[SourceVersionDate "2011.03.01"]
[SourceQuality "1"]

1. Nf3 Nf6 2. c4 e6 3. g3 b6 4. Bg2 Bb7 5. 0-0 Be7 6. Nc3 0-0 7. d4 d5 8. Ne5 Nbd7 9. Qa4 c6 10. Nxc6 Bxc6 11. Qxc6 Rc8 12. Qb5 Rxc4 13. e3 Qc8 14. Qb3 Rd8 15. Bd2 a6 16. a4 Qb7 17. Qxc4 1-0

[Event "Prague op-B 10th"]
[Site "Prague"]
[Date "2011.01.11"]
[Round "6"]
[White "Bartos, Jan"]
[Black "Trepka, Jan"]
[Result "1/2-1/2"]
[WhiteElo "2203"]
[BlackElo "2159"]
[PlyCount "25"]
[EventDate "2011.01.07"]
[EventType "swiss"]
[EventRounds "9"]
[EventCountry "CZE"]
[SourceTitle "CBM 140 Extra"]
[Source "ChessBase"]
[SourceDate "2011.03.01"]
[SourceVersion "1"]
[SourceVersionDate "2011.03.01"]
[SourceQuality "1"]

1. d4 Nf6 2. Nf3 b6 3. e3 e6 4. Bd3 Bb7 5. 0-0 Be7 6. c4 0-0 7. Nc3 d5 8. cxd5 Nxd5 9. e4 Nb4 10. Bb1 c5 11. a3 cxd4 12. Nxd4 N4c6 13. Nf3 1/2-1/2

[Event "Prague op-B 10th"]
[Site "Prague"]
[Date "2011.01.09"]
[Round "3"]
[White "Ramsdal, Jens Albert"]
[Black "Trepka, Jan"]
[Result "0-1"]
[WhiteElo "1945"]
[BlackElo "2159"]
[PlyCount "154"]
[EventDate "2011.01.07"]
[EventType "swiss"]
[EventRounds "9"]
[EventCountry "CZE"]
[SourceTitle "CBM 140 Extra"]
[Source "ChessBase"]
[SourceDate "2011.03.01"]
[SourceVersion "1"]
[SourceVersionDate "2011.03.01"]
[SourceQuality "1"]

1. e4 c6 2. d4 d5 3. Nc3 dxe4 4. Nxe4 Nd7 5. Ng5 Ngf6 6. Bc4 e6 7. Qe2 Nb6 8. Bd3 h6 9. N5f3 c5 10. dxc5 Bxc5 11. Ne5 0-0 12. Ngf3 Qc7 13. 0-0 Rd8 14. a3 a5 15. b3 Bd7 16. Nxd7 Rxd7 17. Bb2 Bd6 18. Ne5 Rdd8 19. Ng4 Nxg4 20. Qxg4 Bxh2+ 21. Kh1 Be5 22. Bxe5 Qxe5 23. Rae1 Qf6 24. Re3 Rd4 25. Re4 Rad8 26. Kg1 R8d5 27. Rfe1 Nd7 28. Qg3 g6 29. Rxd4 Qxd4 30. Bxg6 Qg7 31. Be4 Qxg3 32. fxg3 Rd2 33. b4 axb4 34. axb4 b6 35. Bd3 Kg7 36. Re4 Kf6 37. Rh4 Kg5 38. Re4 e5 39. g4 h5 40. gxh5 f5 41. Re2 Rd1+ 42. Kf2 e4 43. Bb5 Ne5 44. Re1 Ng4+ 45. Ke2 Rxe1+ 46. Kxe1 Ne3 47. Ba4 Nxg2+ 48. Kf2 Nf4 49. Be8 Nd5 50. b5 Nc3 51. Ke3 Nd5+ 52. Kd4 e3 53. Kd3 f4 54. c4 Nf6 55. Bc6 Ng4 56. Ke2 Ne5 57. Bd5 Kxh5 58. Be6 Kg5 59. c5 Kf6 60. Bd5 bxc5 61. b6 Nd7 62. b7 Ke5 63. Bc6 Nb8 64. Bb5 Ke4 65. Bd3+ Kd4 66. Bf5 Kc3 67. Bg4 Kb3 68. Kf3 Kc2 69. Kxf4 Kd2 70. Ke5 c4 71. Kd6 c3 72. Kc7 c2 73. Kxb8 c1Q 74. Ka7 Qa3+ 75. Kb6 Qb4+ 76. Ka7 Qxg4 77. b8Q Qa4+ 0-1

[Event "Prague op-B 10th"]
[Site "Prague"]
[Date "2011.01.07"]
[Round "1"]
[White "Ruzicka, Vaclav"]
[Black "Trepka, Jan"]
[Result "0-1"]
[WhiteElo "1711"]
[BlackElo "2159"]
[PlyCount "100"]
[EventDate "2011.01.07"]
[EventType "swiss"]
[EventRounds "9"]
[EventCountry "CZE"]
[SourceTitle "CBM 140 Extra"]
[Source "ChessBase"]
[SourceDate "2011.03.01"]
[SourceVersion "1"]
[SourceVersionDate "2011.03.01"]
[SourceQuality "1"]

1. Nf3 Nf6 2. c4 b6 3. g3 Bb7 4. Bg2 e6 5. 0-0 Be7 6. d3 0-0 7. Nc3 d5 8. cxd5 exd5 9. Nd4 Qd7 10. Bf4 c5 11. Nf3 d4 12. Ne5 Qc8 13. Ne4 Nxe4 14. dxe4 g5 15. Bd2 Qe6 16. f4 gxf4 17. Bxf4 f6 18. Nd3 Bxe4 19. Bxe4 Qxe4 20. Nf2 Qe6 21. Qd3 Nc6 22. Qe4 Qxe4 23. Nxe4 f5 24. Nd2 Kg7 25. Rac1 Rad8 26. a3 b5 27. Nf3 Rd5 28. Bg5 Bxg5 29. Nxg5 Re8 30. Rf2 c4 31. Rcf1 a6 32. Nh3 Ne7 33. Nf4 Re5 34. Rd1 Rd8 35. Kf1 Ng6 36. Nh5+ Kf7 37. g4 Rdd5 38. Nf4 Nxf4 39. Rxf4 Re4 40. Rxf5+ Rxf5+ 41. gxf5 Kf6 42. Rd2 Kxf5 43. Kg2 Rg4+ 44. Kh3 Rf4 45. Kg2 Ke4 46. h3 Ke3 47. Rc2 Rf2+ 48. Kg3 Rxe2 49. Rc1 d3 50. Rc3 Rc2 0-1